000 00495 a2200133 4500
020 _a978-969-8893-03-3
082 _a796.3580954
090 _c1779
_d1779
100 _aSyed Khalid Mehmood
245 _aCricket Fever: A History of Pakistan - India Tours
_cSyed Khalid Mehmood
260 _aKarachi
_bJambo Publishing
_c2008
942 _aSNS
_cBK
_k796.3580954 KHA
999 _c30386
_d30386